<?xml version="1.0" encoding="UTF-8"?>
<record
    xmlns:xsi="http://www.w3.org/2001/XMLSchema-instance"
    xsi:schemaLocation="http://www.loc.gov/MARC21/slim http://www.loc.gov/standards/marcxml/schema/MARC21slim.xsd"
    xmlns="http://www.loc.gov/MARC21/slim">

  <leader>01097nam a2200229 a 4500</leader>
  <controlfield tag="001">000025901</controlfield>
  <controlfield tag="003">OCoLC</controlfield>
  <controlfield tag="005">20240313073817.0</controlfield>
  <controlfield tag="008">081209s1980    dr            001 0 spa d</controlfield>
  <datafield tag="040" ind1=" " ind2=" ">
    <subfield code="a">DO-SdBNP</subfield>
    <subfield code="b">spa</subfield>
    <subfield code="c">BNPHU</subfield>
  </datafield>
  <datafield tag="082" ind1=" " ind2=" ">
    <subfield code="a">070.4</subfield>
    <subfield code="b">C697c, 1980</subfield>
  </datafield>
  <datafield tag="100" ind1="1" ind2=" ">
    <subfield code="a">Collado, Lipe,</subfield>
    <subfield code="d">1947-</subfield>
    <subfield code="9">79819</subfield>
  </datafield>
  <datafield tag="245" ind1="1" ind2="0">
    <subfield code="a">Curso de periodismo /</subfield>
    <subfield code="c">Lipe Collado.</subfield>
  </datafield>
  <datafield tag="250" ind1=" " ind2=" ">
    <subfield code="a">3&#xAA; ed.</subfield>
  </datafield>
  <datafield tag="260" ind1=" " ind2=" ">
    <subfield code="a">Santo Domingo :</subfield>
    <subfield code="b">Taller,</subfield>
    <subfield code="c">1980.</subfield>
  </datafield>
  <datafield tag="300" ind1=" " ind2=" ">
    <subfield code="a">157 p. :</subfield>
    <subfield code="b">il. ;</subfield>
    <subfield code="c">22 cm.</subfield>
  </datafield>
  <datafield tag="505" ind1="0" ind2=" ">
    <subfield code="g">Introducci&#xF3;n --</subfield>
    <subfield code="t">El periodismo: la mejor de las profesiones --</subfield>
    <subfield code="t">La noticia --</subfield>
    <subfield code="t">T&#xE9;cnica de la redacci&#xF3;n --</subfield>
    <subfield code="t">Caracter&#xED;sticas de la noticia --</subfield>
    <subfield code="t">Las fuentes --</subfield>
    <subfield code="t">La entrevista --</subfield>
    <subfield code="t">P&#xE1;rrafos cortos --</subfield>
    <subfield code="t">La noticia en suspenso --</subfield>
    <subfield code="t">Periodismo de profundidad --</subfield>
    <subfield code="t">Noticia social --</subfield>
    <subfield code="t">Noticia deportiva --</subfield>
    <subfield code="t">Fotoperiodismo --</subfield>
    <subfield code="t">Corrector de estilo --</subfield>
    <subfield code="t">Recomendaciones de estilo --</subfield>
    <subfield code="t">El art&#xED;culo --</subfield>
    <subfield code="t">La noticia curiosa, jocosa, extra&#xF1;a --</subfield>
    <subfield code="t">Punto final --</subfield>
  </datafield>
  <datafield tag="590" ind1=" " ind2=" ">
    <subfield code="a">Inventariado,2018/DG</subfield>
  </datafield>
  <datafield tag="650" ind1=" " ind2="4">
    <subfield code="a">Periodismo</subfield>
    <subfield code="v">ENSE&#xD1;ANZA</subfield>
    <subfield code="9">26</subfield>
  </datafield>
  <datafield tag="650" ind1=" " ind2="4">
    <subfield code="a">Periodismo</subfield>
    <subfield code="x">Arte de escribir</subfield>
    <subfield code="9">27</subfield>
  </datafield>
  <datafield tag="910" ind1=" " ind2=" ">
    <subfield code="a">Validado. Control de calidad EMS</subfield>
  </datafield>
  <datafield tag="952" ind1=" " ind2=" ">
    <subfield code="0">0</subfield>
    <subfield code="1">0</subfield>
    <subfield code="7">-1</subfield>
    <subfield code="8">PD</subfield>
    <subfield code="a">PD</subfield>
    <subfield code="b">PD</subfield>
    <subfield code="c">OI</subfield>
    <subfield code="d">2019-08-07</subfield>
    <subfield code="i">LF1</subfield>
    <subfield code="l">0</subfield>
    <subfield code="o">070.4 C697c, 1980</subfield>
    <subfield code="p">25901-20</subfield>
    <subfield code="r">2020-06-25</subfield>
    <subfield code="w">2020-06-25</subfield>
    <subfield code="y">LFPD</subfield>
    <subfield code="Z">No se presta</subfield>
  </datafield>
  <datafield tag="952" ind1=" " ind2=" ">
    <subfield code="0">0</subfield>
    <subfield code="1">0</subfield>
    <subfield code="7">1</subfield>
    <subfield code="8">PD</subfield>
    <subfield code="a">PD</subfield>
    <subfield code="b">PD</subfield>
    <subfield code="c">HD</subfield>
    <subfield code="d">2011-02-24</subfield>
    <subfield code="i">LF1</subfield>
    <subfield code="l">0</subfield>
    <subfield code="o">070.4 C697c, 1980</subfield>
    <subfield code="p">25901-10</subfield>
    <subfield code="r">2020-06-25</subfield>
    <subfield code="w">2020-06-25</subfield>
    <subfield code="y">LFPD</subfield>
    <subfield code="Z">No se presta</subfield>
  </datafield>
  <datafield tag="999" ind1=" " ind2=" ">
    <subfield code="c">25393</subfield>
    <subfield code="d">25393</subfield>
  </datafield>
</record>
